000 00953nam a22002777a 4500
001 9383
003 FISKH
005 20251216152602.0
008 251216b cb ||||| |||| 00| 0 eng d
020 _a0307301443
040 _aFISKH
_beng
_cFISKH
_dFISKH
050 _aPZ8.M337 D
082 _a398.2
100 _aSlater, Teddy
_eAuthor
245 _aThe magic carpet ride :
_bDisney's Aladdin /
_cAdapted by Teddy Slater Margulies ; Illustrated by Kenny Thompkins ; Painted by Gary Eggleston
260 _aNew York :
_bA Golden Book ,
_c1993
300 _a26 unnumbered pages :
_bcolor illustrations ;
_c20 cm
505 _aJ
520 _aThe story of Aladdin and the forty thieves is told with illustrations from the Disney movie.
521 8 _a450
_bLexile estimate
521 8 _aJ
_bRaz-Plus
650 _aIllustrations from movie
_vJunior reader
700 _aThompkins, Kenny
_eIllustrator
942 _2ddc
_cBK
_n0
999 _c9383
_d9383